Languages of Pakistan - Statistics

General Stats
  • This quiz has been taken 45 times
  • The average score is 5 of 8
Answer Stats
Percent Language % Correct
8 Urdu
97%
48 Punjabi
91%
8 Pashto/Pashtu
89%
8 Balochi
77%
12 Sindhi
71%
10 Saraiki
29%
2 Hindko
23%
2 Brahui
11%
No matching quizzes found
Score Distribution
Percent of People with Each Score
Percentile by Number Answered
Your Score History
You have not taken this quiz